LEADER 00487nam 2200169z- 450 001 9910773600203321 035 $a(WsH)locaeeu 035 $a(CKB)5490000000492761 035 $a(EXLCZ)995490000000492761 100 $a20230719c2018uuuu -u- - 101 0 $aeng 200 10$aLiberia: Citizenship Laws and Employment Opportunities 517 $aLiberia 906 $aBOOK 912 $a9910773600203321 996 $aLiberia: Citizenship Laws and Employment Opportunities$93662349 997 $aUNINA LEADER 01989nam0 22003251i 450 001 UON00523590 005 20240321125039.772 010 $a979-12-596-3179-4 100 $a20240321d2024 |0itac50 ba 101 $aita 102 $aIT 105 $a|||| ||||| 200 1 $aCi fu chi disse no$ei docenti universitari che rifiutarono di giurare fedeltą al fascismo$fAssociazione Nazionale Partigiani d'Italia; a cura di Paolo Papotti e Valerio Strinati 210 $a[Roma]$cBordeaux$d2024 215 $a665 p.$cill.$d21 cm. 316 $aDono A.N.P.I.$5IT-UONSI III STORIAEURD A/3475 330 $aIl volume raccoglie gli atti degli incontri promossi dall'ANPI nel corso del 2021, nelle cittą sedi di Atenei dove insegnarono i dodici docenti universitari che, nel 1931, rifiutarono di sottoscrivere la formula di giuramento di fedeltą al regime fascista. Con queste iniziative, l' ANPI ha inteso ricordare e celebrare la figura di ciascun docente ricostruendone la biografia intellettuale e le ragioni che indussero a una scelta difficile e penalizzante, e insieme svolgere una riflessione sui modi con i quali la difesa della libertą della ricerca e dell'insegnamento ha concorso alla formazione di una coscienza antifascista, traducendosi poi in disposizioni della Costituzione repubblicana. 606 $aAntifascismo$xItalia$3UONC102986$2FI 620 $aIT$dRoma$3UONL000004 676 $a335.6$cFASCISMO$v22 702 1$aPAPOTTI$bPaolo$3UONV294941$4340 702 1$aSTRINATI$bValerio$3UONV294942$4340 712 02$aANPI$3UONV294366 712 02$aBordeaux$3UONV282010 801 $aIT$bSOL$c20260313$gRICA 899 $aSIBA - SISTEMA BIBLIOTECARIO DI ATENEO E ARCHIVIO STORICO$2UONSI 912 $aUON00523590 950 $aSIBA - SISTEMA BIBLIOTECARIO DI ATENEO E ARCHIVIO STORICO$dSI EUR D A 3475 $eSI 50772 5 3475 Dono A.N.P.I. 996 $aCi fu chi disse no$94549639 997 $aUNIOR